000 01095nam a2200313 a 4500
001 BRCA_8631
005 20190320210342.0
008 220916s1782----sp-#######---#000-0#spa-#
041 _aspa
044 _asp
050 4 _aBV4485
_b.N47
_c1782
100 1 _aNepueu, Francisco
_921552
245 1 0 _aPensamientos o reflexiones christianas para todos los días del año
_cFrancisco Nepueu.
260 _aMadrid
_bDon Antonio de Sancha
_c1782
300 _aT. IV, 394 p.
_c16 cm
500 _aFondo antiguo
500 _aSe encuentra en Caja Fuerte
500 _aP-123
500 _aCon Ex-libris de: Franz Mayer
500 _aCon dedicatoria: a la Virgen Santisima
500 _aIncluye tabla de los pensamientos o reflexiones christianas
500 _aIncluye tabla de los capitulos que contiene este quarto tomo
500 _aNota de encuadernación: en piel pergamino
506 0 _aFondo reservado: para su consulta es necesario credencial de usuario y carta de motivos
650 1 4 _aMeditaciones
_921553
650 1 4 _aVida cristiana
_921554
902 _aLAR
942 _2lcc
_cB
999 _c8291
_d8291